000 00300nam a22001337a 4500
008 171006b xxu||||| |||| 00| 0 eng d
020 _a0070727953
041 _aeng
080 _a159.9
100 _a49
101 _aPSI
245 _aMULTIPLE CRITERIA DECISION MAKING
_cZELENY,M
942 _2udc
_cBK
999 _c32370
_d32370